| 000 | 00507nam a22001457a 4500 | ||
|---|---|---|---|
| 008 | 140605b xxu||||| |||| 00| 0 eng d | ||
| 020 | _a0854731911 | ||
| 050 | _aLB1778.4.G7 M462 | ||
| 100 |
_aMaw, Janet et al... _910603 |
||
| 245 |
_aEducation plc? _bheadteachers and the new training initiative _cJanet Maw et al... |
||
| 260 |
_aLondon _bInstitute of education, University of London _c1984 |
||
| 300 |
_a63cm. ; _c22cm. |
||
| 650 |
_aTeachers, Training of _zGreat Britain _910604 |
||
| 942 |
_2lcc _cMONOGRAPH |
||
| 999 |
_c120618 _d120618 |
||